Anime Pokémon- Retrouve la casquette de Sacha - Statistiques

Statistiques générales
  • Ce quiz a été pris 69 fois
  • Le résultat moyen est 43 sur 63
Statistiques - réponses
Question Tuile Select % Correct
Quelle casquette Sacha porte-t-il pendant le Cycle 1 (Pocket Monsters, Kanto/Johto)? Non
93%
Quelle casquette Sacha porte-t-il pendant le Cycle 1 (Pocket Monsters, Kanto/Johto)? Non
93%
Quelle casquette Sacha porte-t-il pendant le Cycle 1 (Pocket Monsters, Kanto/Johto)? Non
92%
Quelle casquette Sacha porte-t-il pendant le Cycle 1 (Pocket Monsters, Kanto/Johto)? Non
90%
Quelle casquette Sacha porte-t-il pendant le Cycle 1 (Pocket Monsters, Kanto/Johto)? Non
88%
Quelle casquette Sacha porte-t-il pendant le Cycle 1 (Pocket Monsters, Kanto/Johto)? Pocket Monsters Non
88%
Quelle casquette Sacha porte-t-il pendant le Cycle 1 (Pocket Monsters, Kanto/Johto)? Non
83%
Quelle casquette Sacha porte-t-il pendant le Cycle 1 (Pocket Monsters, Kanto/Johto)? Kanto/Johto Non
80%
Quelle casquette Sacha porte-t-il pendant le Cycle 1 (Pocket Monsters, Kanto/Johto)? Oui
78%
Quelle casquette Sacha porte-t-il pendant le Cycle 2 (Advanced Generation, Hoenn) ? Non
75%
Quelle casquette Sacha porte-t-il pendant le Cycle 2 (Advanced Generation, Hoenn) ? Non
75%
Quelle casquette Sacha porte-t-il pendant le Cycle 3 (Diamant & Perle, Sinnoh) ? Non
75%
Quelle casquette Sacha porte-t-il pendant le Cycle 2 (Advanced Generation, Hoenn) ? Non
73%
Quelle casquette Sacha porte-t-il pendant le Cycle 3 (Diamant & Perle, Sinnoh) ? Non
73%
Quelle casquette Sacha porte-t-il pendant le Cycle 3 (Diamant & Perle, Sinnoh) ? Non
73%
Quelle casquette Sacha porte-t-il pendant le Cycle 3 (Diamant & Perle, Sinnoh) ? Non
73%
Quelle casquette Sacha porte-t-il pendant le Cycle 3 (Diamant & Perle, Sinnoh) ? Non
73%
Quelle casquette Sacha porte-t-il pendant le Cycle 2 (Advanced Generation, Hoenn) ? Non
71%
Quelle casquette Sacha porte-t-il pendant le Cycle 4 (Noir & Blanc, Unys) ? Non
71%
Quelle casquette Sacha porte-t-il pendant le Cycle 4 (Noir & Blanc, Unys) ? Non
71%
Quelle casquette Sacha porte-t-il pendant le Cycle 5 (XY, Kalos) ? Non
71%
Quelle casquette Sacha porte-t-il pendant le Cycle 2 (Advanced Generation, Hoenn) ? Non
69%
Quelle casquette Sacha porte-t-il pendant le Cycle 4 (Noir & Blanc, Unys) ? Non
69%
Quelle casquette Sacha porte-t-il pendant le Cycle 5 (XY, Kalos) ? Non
69%
Quelle casquette Sacha porte-t-il pendant le Cycle 5 (XY, Kalos) ? Non
69%
Quelle casquette Sacha porte-t-il pendant le Cycle 5 (XY, Kalos) ? Non
69%
Quelle casquette Sacha porte-t-il pendant le Cycle 5 (XY, Kalos) ? Non
69%
Quelle casquette Sacha porte-t-il pendant le Cycle 6 (Soleil & Lune, Alola) ? Non
69%
Quelle casquette Sacha porte-t-il pendant le Cycle 7 (Les voyages, Galar entre autres) ? Non
69%
Quelle casquette Sacha porte-t-il pendant le Cycle 2 (Advanced Generation, Hoenn) ? Advanced Generation Non
69%
Quelle casquette Sacha porte-t-il pendant le Cycle 4 (Noir & Blanc, Unys) ? Non
68%
Quelle casquette Sacha porte-t-il pendant le Cycle 6 (Soleil & Lune, Alola) ? Non
68%
Quelle casquette Sacha porte-t-il pendant le Cycle 6 (Soleil & Lune, Alola) ? Non
68%
Quelle casquette Sacha porte-t-il pendant le Cycle 7 (Les voyages, Galar entre autres) ? Non
68%
Quelle casquette Sacha porte-t-il pendant le Cycle 2 (Advanced Generation, Hoenn) ? Hoenn Non
68%
Quelle casquette Sacha porte-t-il pendant le Cycle 5 (XY, Kalos) ? Non
66%
Quelle casquette Sacha porte-t-il pendant le Cycle 6 (Soleil & Lune, Alola) ? Non
66%
Quelle casquette Sacha porte-t-il pendant le Cycle 6 (Soleil & Lune, Alola) ? Non
66%
Quelle casquette Sacha porte-t-il pendant le Cycle 7 (Les voyages, Galar entre autres) ? Non
66%
Quelle casquette Sacha porte-t-il pendant le Cycle 3 (Diamant & Perle, Sinnoh) ? Diamant & Perle Non
66%
Quelle casquette Sacha porte-t-il pendant le Cycle 3 (Diamant & Perle, Sinnoh) ? Sinnoh Non
66%
Quelle casquette Sacha porte-t-il pendant le Cycle 7 (Les voyages, Galar entre autres) ? Non
64%
Quelle casquette Sacha porte-t-il pendant le Cycle 5 (XY, Kalos) ? Kalos Non
64%
Quelle casquette Sacha porte-t-il pendant le Cycle 4 (Noir & Blanc, Unys) ? Unys Non
64%
Quelle casquette Sacha porte-t-il pendant le Cycle 2 (Advanced Generation, Hoenn) ? Non
63%
Quelle casquette Sacha porte-t-il pendant le Cycle 4 (Noir & Blanc, Unys) ? Non
63%
Quelle casquette Sacha porte-t-il pendant le Cycle 4 (Noir & Blanc, Unys) ? Non
63%
Quelle casquette Sacha porte-t-il pendant le Cycle 6 (Soleil & Lune, Alola) ? Alola Non
63%
Quelle casquette Sacha porte-t-il pendant le Cycle 6 (Soleil & Lune, Alola) ? Soleil & Lune Non
63%
Quelle casquette Sacha porte-t-il pendant le Cycle 5 (XY, Kalos) ? XY Non
63%
Quelle casquette Sacha porte-t-il pendant le Cycle 7 (Les voyages, Galar entre autres) ? Non
61%
Quelle casquette Sacha porte-t-il pendant le Cycle 7 (Les voyages, Galar entre autres) ? Les voyages Non
61%
Quelle casquette Sacha porte-t-il pendant le Cycle 4 (Noir & Blanc, Unys) ? Noir & Blanc Non
61%
Quelle casquette Sacha porte-t-il pendant le Cycle 3 (Diamant & Perle, Sinnoh) ? Non
59%
Quelle casquette Sacha porte-t-il pendant le Cycle 7 (Les voyages, Galar entre autres) ? Galar entre autres Non
59%
Quelle casquette Sacha porte-t-il pendant le Cycle 7 (Les voyages, Galar entre autres) ? Non
56%
Quelle casquette Sacha porte-t-il pendant le Cycle 6 (Soleil & Lune, Alola) ? Non
54%
Quelle casquette Sacha porte-t-il pendant le Cycle 2 (Advanced Generation, Hoenn) ? Oui
51%
Quelle casquette Sacha porte-t-il pendant le Cycle 3 (Diamant & Perle, Sinnoh) ? Oui
47%
Quelle casquette Sacha porte-t-il pendant le Cycle 5 (XY, Kalos) ? Oui
47%
Quelle casquette Sacha porte-t-il pendant le Cycle 4 (Noir & Blanc, Unys) ? Oui
44%
Quelle casquette Sacha porte-t-il pendant le Cycle 6 (Soleil & Lune, Alola) ? Oui
41%
Quelle casquette Sacha porte-t-il pendant le Cycle 7 (Les voyages, Galar entre autres) ? Oui
34%
Aucun quiz correspondant
Distribution des résultats
% des personnes avec chaque résultat
Percentile par nombre de réponses
Votre historique - résultats
Vous n’avez pas pris ce quiz